000
00373nam a22001457a 4500
003
MPLRDC
005
20220104193108.0
008
210129b ||||| |||| 00| 0 eng d
082
_a
DISC
100
_a
蒋志榆.ORGANIS RIVERS
245
_a
单字王--1 DISC
_c
260
_a
台湾
_b
我识出版社有限公司
_c
2013
650
_a
英语词汇
942
_c
CDA
_o
DISC
999
_c
65024
_d
65014